| 000 | 01026nam a2200277 i 4500 | ||
|---|---|---|---|
| 001 | 17492 | ||
| 003 | ES-MaACL | ||
| 005 | 20250728062558.0 | ||
| 007 | t| | ||
| 008 | 010319s2000 sp ||||1| spa d | ||
| 020 | _a84-95240-09-2 | ||
| 080 | _a347.785(460) | ||
| 080 | _a347.788.1(460) | ||
| 100 | 1 |
_aVentura Ventura, José Manuel. _9113922 |
|
| 245 | 1 | 3 |
_aLa edición de obras musicales / _cJosé Manuel Ventura Ventura. |
| 260 |
_a[Madrid] : _bCentro de Estudios Registrales, _c[2000] |
||
| 300 |
_a419 p. ; _c23 cm. |
||
| 490 | 1 | _aMonografías | |
| 650 | 1 | 4 |
_aPropiedad intelectual- _xMúsica- _zEspaña. _916492 |
| 650 | 4 |
_aContratos de edición- _zEspaña. _911329 |
|
| 710 | 2 |
_aColegio de Registradores de la Propiedad y Mercantiles de España. _bCentro de Estudios Registrales. _9162314 |
|
| 730 | 0 |
_aMonografías (Centro de Estudios Registrales) _9179814 |
|
| 830 | 0 | 0 |
_aMonografías (Centro de Estudios Benaventanos "Ledo del Pozo") _9177262 |
| 852 |
_aES-MaACL _jL-24317 _bR.129034 |
||
| 999 |
_c17492 _d17492 |
||